000 00497nam a22001817a 4500
999 _c8850
_d8850
003 GBCCL
005 20241126110659.0
008 211123b ||||| |||| 00| 0 eng d
040 _cGBC
082 _a423
_bTAW
100 _aTawmbing, Chinzam
_912825
245 _aChinzam Tawmbing's English-Paite Dictionary /
_c Chinzam Tawmbing
250 _a4th ed.
260 _aChurachandpur:
_bT. Esther,
_c2014.
300 _a1086p. ;
650 _aEnglish-Paite
_vDictionary
_915553
942 _2ddc
_cREF